Statistiques concernant Focus sur: Fleur Delacour - Harry Potter

Cliquez ici pour prendre le quiz!

Statistiques générales

  • Ce quiz a été pris 455 fois
  • Le résultat moyen est 11 sur 17

Statistiques - réponses

Informations recherchéesRéponses% Correct
Première apparitionHarry Potter et la Coupe de Feu
99%
Couleur des cheveuxBlond
91%
Ecole fréquentéeBeauxbâtons
90%
ÉpouxBill Weasley
89%
Lieu de rencontre avec Harry PotterPoudlard
89%
SœurGabrielle Delacour
82%
Surnom (par Ginny)Fleurk
72%
Intérieur de la baguetteCheveu de Vélane
71%
Espèce (partiellement)Vélane
70%
FilleVictoire Weasley
63%
FilsLouis Weasley
53%
FilleDominique Weasley
50%
Actrice l'interprétant dans les filmsClémence Poésy
49%
Statut du sangHybride
38%
ProfessionEmployée chez Gringotts
37%
MèreApolline Delacour
25%
Bois de la baguetteRose
21%

Distribution des résultats

Percentile par nombre de réponses

% des personnes avec chaque résultat

Votre développement - résultats

Vous n’avez pas pris ce quiz